DECISION SUPPORT SYSTEMS (Record no. 216644)

MARC details
000 -LEADER
fixed length control field 00494nam a22001697a 4500
008 - FIXED-LENGTH DATA ELEMENTS--GENERAL INFORMATION
fixed length control field 260225b |||||||| |||| 00| 0 eng d
020 ## - INTERNATIONAL STANDARD BOOK NUMBER
International Standard Book Number 978-81-203-1444-3
100 ## - MAIN ENTRY--PERSONAL NAME
Personal name JANAKIRAMAN, V.S.
245 ## - TITLE STATEMENT
Title DECISION SUPPORT SYSTEMS
260 ## - PUBLICATION, DISTRIBUTION, ETC.
Place of publication, distribution, etc. NEW DELHI
Name of publisher, distributor, etc. PHI LEARNING PRIVATE LIMITED
Date of publication, distribution, etc. 1999
300 ## - PHYSICAL DESCRIPTION
Extent XIV, 221P.
500 ## - GENERAL NOTE
General note INCLUDES BIBLIOGRAPHICAL REFERENCES AND INDEX
650 ## - SUBJECT ADDED ENTRY
Topical term or geographic name entry element DECISION SUPPORT SYSTEMS
700 ## - ADDED ENTRY--PERSONAL NAME
Personal name SARUKESI, K.
942 ## - ADDED ENTRY ELEMENTS (KOHA)
Source of classification or shelving scheme Library of Congress Classification
Koha item type Long Loan Book
Holdings
Withdrawn status Lost status Source of classification or shelving scheme Damaged status Not for loan Collection Home library Current library Date acquired Inventory number Total checkouts Full call number Barcode Date last seen Copy number Price effective from Koha item type
    Library of Congress Classification     Business & Economics Kisii University Library Kisii University Library 02/25/2026 111460   HD 30.213 .J36 1999 A000744 02/25/2026 1 02/25/2026 Long Loan Book
    Library of Congress Classification     Business & Economics Kisii University Library Kisii University Library 02/25/2026 111461   HD 30.213 .J36 1999 A000743 02/25/2026 2 02/25/2026 Long Loan Book
    Library of Congress Classification     Business & Economics Kisii University Library Kisii University Library 02/25/2026 111462   HD 30.213 .J36 1999 A000746 02/25/2026 3 02/25/2026 Long Loan Book
    Library of Congress Classification     Business & Economics Kisii University Library Kisii University Library 02/25/2026 111463   HD 30.213 .J36 1999 A000745 02/25/2026 4 02/25/2026 Long Loan Book